Österreichische Autokennzeichen (leicht ein Buschstabe)) - Statistiken

Allgemein
  • Dieses Quiz wurde 94 mal gespielt
  • Das Durchschnittsergebnis liegt bei 8 aus 9
Antwortstatistiken
1 2 A % Korrekt
W Wien Wien
100%
S Salzburg Salzburg
98%
G Steiermark Graz
95%
I Tirol Innsbruck
94%
L Oberösterreich Linz
94%
B Vorarlberg Bregenz
90%
K Kärnten Klagenfurt
88%
P Niederösterreich St.Pölten
81%
E Burgenland Eisenstadt
80%
Keine übereinstimmenden Quizze gefunden
Verteilung der Resultate
Anzahl Personen mit jedem Resultat
Perzentil nach korrekt beantworteten Fragen
Ihre Resultats-Entwicklung
Sie haben dieses Quiz noch nicht gespielt